|
|
|
|
| LEADER |
02161nam a22004335i 4500 |
| 001 |
978-88-470-1788-7 |
| 003 |
DE-He213 |
| 005 |
20131219112629.0 |
| 007 |
cr nn 008mamaa |
| 008 |
110129s2010 it | s |||| 0|ita d |
| 020 |
|
|
|a 9788847017887
|9 978-88-470-1788-7
|
| 024 |
7 |
|
|a 10.1007/978-88-470-1788-7
|2 doi
|
| 040 |
|
|
|d GrThAP
|
| 050 |
|
4 |
|a QA1-939
|
| 072 |
|
7 |
|a PB
|2 bicssc
|
| 072 |
|
7 |
|a MAT000000
|2 bisacsh
|
| 082 |
0 |
4 |
|a 510
|2 23
|
| 100 |
1 |
|
|a Parenti, Cesare.
|e author.
|
| 245 |
1 |
0 |
|a Algebra lineare ed equazioni differenziali ordinarie
|h [electronic resource] /
|c by Cesare Parenti, Alberto Parmeggiani.
|
| 264 |
|
1 |
|a Milano :
|b Springer Milan :
|b Imprint: Springer,
|c 2010.
|
| 300 |
|
|
|a VIII, 208 pagg.
|b online resource.
|
| 336 |
|
|
|a text
|b txt
|2 rdacontent
|
| 337 |
|
|
|a computer
|b c
|2 rdamedia
|
| 338 |
|
|
|a online resource
|b cr
|2 rdacarrier
|
| 347 |
|
|
|a text file
|b PDF
|2 rda
|
| 490 |
1 |
|
|a UNITEXT,
|x 2038-5714
|
| 505 |
0 |
|
|a Introduzione -- Introduzione -- Algebra Lineare -- Diagonalizzabilità e forme normali -- Alcune applicazioni all’analisi matriciale -- Esercizi -- Equazioni Differenziali -- Equazioni differenziali ordinarie -- Esercizi.
|
| 520 |
|
|
|a Si tratta di un testo avanzato suddiviso in due parti. La prima fornisce strumenti dell'algebra lineare nel caso finito-dimensionale pensato con una prospettiva infinito-dimensionale. La seconda tratta di equazioni/sistemi differenziali ordinari, con particolare enfasi sulla stabilit dei punti di equilibrio e delle orbite periodiche. Non mancano applicazioni alle equazioni alle derivate parziali. La prima parte pu essere utilizzata autonomamente, mentre la seconda dipende in parte dai risultati esposti nella prima.
|
| 650 |
|
0 |
|a Mathematics.
|
| 650 |
1 |
4 |
|a Mathematics.
|
| 650 |
2 |
4 |
|a Mathematics, general.
|
| 700 |
1 |
|
|a Parmeggiani, Alberto.
|e author.
|
| 710 |
2 |
|
|a SpringerLink (Online service)
|
| 773 |
0 |
|
|t Springer eBooks
|
| 776 |
0 |
8 |
|i Printed edition:
|z 9788847017870
|
| 830 |
|
0 |
|a UNITEXT,
|x 2038-5714
|
| 856 |
4 |
0 |
|u http://dx.doi.org/10.1007/978-88-470-1788-7
|z Full Text via HEAL-Link
|
| 912 |
|
|
|a ZDB-2-SMA
|
| 950 |
|
|
|a Mathematics and Statistics (Springer-11649)
|